| 000 | 00857nam a2200229 a 4500 | ||
|---|---|---|---|
| 001 | 63612 | ||
| 003 | BD-RjUL | ||
| 005 | 20211209081221.0 | ||
| 008 | 170131s1998 bg ||||| |||| 00| 0 ben d | ||
| 020 |
_a9844014921 _c: TK 300.00 |
||
| 035 | _a(BD-RjUL)63741 | ||
| 040 |
_aBD-RjUL _bben _cBD-RjUL |
||
| 041 | _aben | ||
| 082 |
_223 _a891.44108 _bISK 1998 |
||
| 100 |
_aইসলাম, মযহারুল _9179261 |
||
| 245 | 1 | 0 |
_aকাব্যবিচিত্রা / _cমযহারুল ইসলাম |
| 260 |
_aঢাকা : _bআগামী প্রকাশনী, _c১৯৯৮ |
||
| 300 |
_a৪৩০ পৃ. ; _c২১ সেমি. |
||
| 650 |
_aবাংলা কবিতা _xইতিহাস ও সমালোচনা _9185023 |
||
| 650 |
_aBengali Poetry _xHistory & Criticism _9188833 |
||
| 942 |
_2ddc _cBK |
||
| 999 |
_c63612 _d63612 |
||